[Event "AUTO-ADV-4928"]
[Site "http://www.queenalice.com/game.php?id=1871524"]
[Date "2026.4.5"]
[Round "1"]
[White "Fischercat"]
[Black "chessman"]
[Result "0-1"]
[WhiteElo "1947"]
[BlackElo "2051"]

1. e4 e6 2. d4 d5 3. e5 c5 4. dxc5 Bxc5 5. Nf3 Nc6 6. Bb5 Bd7 7. O-O Nxe5 8.
Bxd7+ Nxd7 9. Bg5 Ngf6 10. Nc3 O-O 11. Na4 Bd6 12. c4 Be7 13. cxd5 exd5 14. Re1
h6 15. Bh4 Rc8 16. Rc1 Rxc1 17. Qxc1 b5 18. Nc3 b4 19. Bxf6 Bxf6 20. Nxd5 a5 21.
Nxf6+ Nxf6 22. h3 Re8 23. Rxe8+ Qxe8 24. Qc5 Qd8 25. Nd4 Ne4 26. Qe5 Nf6 27. Nc6
Qd1+ 28. Kh2 Qd2 29. Qxa5 Qxb2 30. Nxb4 Qxf2 31. a4 Qf4+ 32. Kg1 Qc1+ 33. Kf2
Ne4+ 34. Kf3 Ng5+ 35. Ke2 Qb2+ 36. Kd3 Qb3+ 37. Kd4 Ne6+ 38. Ke5 Qe3+ 39. Kd6
Qf4+ 40. Kc6 Qc4+ 41. Kb7 Qe4+ 42. Nc6 Qxa4 43. Qxa4 Nc5+ 0-1

[Event "AUTO-OPEN-4647"]
[Site "http://www.queenalice.com/game.php?id=1871648"]
[Date "2026.4.8"]
[Round "1"]
[White "EduardoRo"]
[Black "Fischercat"]
[Result "0-1"]
[WhiteElo "1691"]
[BlackElo "1934"]

1. e4 e5 2. Nf3 Be7 3. Bc4 Nc6 4. O-O h6 5. c3 a6 6. d4 d6 7. d5 Na5 8. b3 Nxc4
9. bxc4 Nf6 10. Ba3 Nxe4 11. Qd3 Nf6 12. Nbd2 O-O 13. Ne4 Nxe4 14. Qxe4 Bd7 15.
Bc1 c6 16. Be3 cxd5 17. cxd5 Qc8 18. c4 Bf5 19. Qxf5 Qxf5 20. a4 Rac8 21. Nd2
Bg5 22. Bxg5 Qxg5 23. Nf3 Qf4 24. Rab1 e4 25. Nd4 Rxc4 26. Ne2 Qd2 27. Ng3 Qxd5
28. a5 Rb8 29. Rb6 Qxa5 30. Rxd6 Qc5 31. Rd2 e3 32. fxe3 Rc2 33. Rd3 Rc1 34. h4
Rxf1+ 35. Nxf1 b5 36. Kf2 b4 37. Nd2 Qc2 38. Ke2 b3 0-1

[Event "AUTO-OPEN-4647"]
[Site "http://www.queenalice.com/game.php?id=1871649"]
[Date "2026.4.8"]
[Round "1"]
[White "Fischercat"]
[Black "EduardoRo"]
[Result "1-0"]
[WhiteElo "1940"]
[BlackElo "1661"]

1. d4 d5 2. Bd2 Nc6 3. e3 Bf5 4. a3 f6 5. Nc3 e5 6. Bb5 Ne7 7. h3 Qd6 8. Nf3 e4
9. Ng1 O-O-O 10. Nge2 g5 11. Ng3 Kb8 12. O-O Ng6 13. Nxf5 Qe6 14. Ng3 Bd6 15.
Bxc6 bxc6 16. Na4 Kc8 17. Bb4 Bxg3 18. fxg3 h5 19. Nc5 Qf7 20. a4 Kb8 21. Be1 f5
22. g4 hxg4 23. c3 Ka8 24. hxg4 Rb8 25. b4 f4 26. Rb1 Qh7 27. Kf2 Qh4+ 28. Ke2
Qxg4+ 29. Kd2 Qxg2+ 30. Rf2 fxe3+ 31. Kxe3 Rh3+ 32. Kd2 Rd3+ 33. Nxd3 e3+ 34.
Kxe3 Re8+ 35. Kd2 Qe4 36. Re2 1-0

[Event "AUTO-OPEN-4647"]
[Site "http://www.queenalice.com/game.php?id=1871672"]
[Date "2026.4.8"]
[Round "1"]
[White "Fischercat"]
[Black "Pin"]
[Result "0-1"]
[WhiteElo "1950"]
[BlackElo "2130"]

1. d4 Nf6 2. b3 g6 3. Ba3 Bg7 4. Nc3 d5 5. e3 O-O 6. g3 c6 7. Be2 Re8 8. Qd2 e5
9. Nf3 e4 10. Ne5 Nbd7 11. O-O Nxe5 12. dxe5 Rxe5 13. Bb2 Bh3 14. Rfd1 Ng4 15.
Bxg4 Bxg4 16. Ne2 Rh5 17. Bxg7 Kxg7 18. Nf4 Bxd1 19. Qxd1 Re5 20. Qg4 Qg5 21.
Qe2 Qe7 22. Qg4 Rg5 23. Qe2 h5 24. Ng2 Qf6 25. h4 Qxa1+ 26. Kh2 Rf5 27. Nf4 Rxf4
0-1

[Event "AUTO-OPEN-4647"]
[Site "http://www.queenalice.com/game.php?id=1871674"]
[Date "2026.4.8"]
[Round "1"]
[White "Fischercat"]
[Black "game"]
[Result "0-1"]
[WhiteElo "1932"]
[BlackElo "1693"]

1. d4 d5 2. Nc3 Nf6 3. Nf3 Ne4 4. e3 e6 5. a3 Nc6 6. Bd3 Be7 7. Nxe4 dxe4 8.
Bxe4 Bd6 9. O-O Bd7 10. Bd2 O-O 11. Bxc6 bxc6 12. c4 Rb8 13. c5 Be7 14. b4 Bf6
15. Qc2 Re8 16. a4 Bc8 17. Rfb1 g6 18. b5 cxb5 19. axb5 Bd7 20. c6 Bc8 21. Rxa7
Qd6 22. Ba5 e5 23. Bxc7 Bf5 24. Bxd6 Bxc2 25. Rb2 Rbd8 26. Rxc2 Rxd6 27. dxe5
Rd1+ 0-1

[Event "AUTO-OPEN-4647"]
[Site "http://www.queenalice.com/game.php?id=1871675"]
[Date "2026.4.8"]
[Round "1"]
[White "game"]
[Black "Fischercat"]
[Result "0-1"]
[WhiteElo "1638"]
[BlackElo "1932"]

1. e4 e5 2. Nf3 d6 3. Bc4 h6 4. d4 exd4 5. Nxd4 Nf6 6. O-O Be7 7. f3 c5 8. Nb5
a6 9. N5a3 Nc6 10. Bf4 O-O 11. c3 Qb6 12. b3 Qa5 13. Bd2 Ne5 14. Bd5 Nxd5 15. c4
Nb4 16. f4 Bg4 17. Qc1 Ned3 18. Qc3 Rfe8 19. f5 f6 20. h3 Bh5 21. g4 Bf7 22. Rf3
Ne5 23. Rf1 b5 24. Bc1 Qb6 25. Nd2 h5 26. Qg3 Nbd3 27. Rd1 Nxc1 28. Raxc1 d5 29.
cxd5 Bd6 30. Qf2 Nd3 31. Qe2 Nxc1 32. Rxc1 c4+ 33. Kf1 Bxa3 34. Rb1 c3 35. Nf3
Rac8 36. Ne1 Bxd5 37. Qd3 Bxe4 0-1

[Event "AUTO-OPEN-4623"]
[Site "http://www.queenalice.com/game.php?id=1872209"]
[Date "2026.4.20"]
[Round "3"]
[White "LMP1989"]
[Black "Fischercat"]
[Result "1-0"]
[WhiteElo "2177"]
[BlackElo "1941"]

1. c4 e5 2. Nc3 Nf6 3. g3 Bc5 4. Nf3 Ng4 5. e3 d6 6. d4 exd4 7. exd4 Bb4 8. Bg2
Qf6 9. O-O Nc6 10. Nd5 Qf5 11. Nxc7+ 1-0

[Event "AUTO-OPEN-4623"]
[Site "http://www.queenalice.com/game.php?id=1872210"]
[Date "2026.4.20"]
[Round "3"]
[White "Fischercat"]
[Black "LMP1989"]
[Result "0-1"]
[WhiteElo "1935"]
[BlackElo "2174"]

1. d4 d5 2. Bd2 e6 3. c3 Nf6 4. Bg5 Be7 5. e3 O-O 6. Bd3 h6 7. Bxf6 Bxf6 8. Nf3
b6 9. Na3 Bb7 10. O-O Nd7 11. Re1 c5 12. dxc5 Nxc5 13. Nd4 Nxd3 14. Qxd3 Qd7 15.
h3 e5 16. Ne2 Rad8 17. Rad1 Qe6 18. Ng3 e4 19. Qe2 Be5 20. Nb5 Ba6 21. a4 Bxg3
22. fxg3 Bxb5 23. axb5 Qe5 24. Qf2 Rd6 25. Qf4 Qe7 26. b3 Rfd8 27. Rf1 Rf6 28.
Qg4 Rxf1+ 29. Rxf1 Qc5 30. Qf4 f6 31. c4 dxc4 32. Qxe4 c3 33. Rc1 Rc8 34. b4 Qc7
35. g4 Kh8 36. Qd5 c2 37. Qd3 Qc3 38. Qxc3 Rxc3 39. Kf2 Rc4 40. Ke2 Rxb4 41.
Rxc2 Rxb5 42. Rc7 a5 43. h4 Kh7 0-1

[Event "AUTO-ADV-4934"]
[Site "http://www.queenalice.com/game.php?id=1872864"]
[Date "2026.5.3"]
[Round "1"]
[White "Fauquinelle"]
[Black "Fischercat"]
[Result "1-0"]
[WhiteElo "2044"]
[BlackElo "1966"]

1. d4 d5 2. c4 dxc4 3. e4 e5 4. d5 c6 5. Bxc4 b5 6. Bb3 Nf6 7. Qc2 Bb4+ 8. Nd2
cxd5 9. exd5 Nxd5 10. Ne2 O-O 11. O-O Na6 12. Nf3 Bb7 13. Rd1 Nac7 14. Nxe5 Bd6
15. Nf3 Rc8 16. Qf5 Nf6 17. Bg5 Qd7 18. Qxd7 Nxd7 19. Rxd6 Nc5 20. Bc2 Bxf3 21.
gxf3 N7e6 22. Be3 Nb7 23. Rd2 a5 24. Be4 Nbd8 25. Rc2 Rxc2 26. Bxc2 Nc6 27. a3
1-0

[Event "AUTO-ADV-4934"]
[Site "http://www.queenalice.com/game.php?id=1872876"]
[Date "2026.5.3"]
[Round "1"]
[White "Fischercat"]
[Black "MHRangel"]
[Result "1-0"]
[WhiteElo "1929"]
[BlackElo "1827"]

1. Nf3 b6 2. g3 Bb7 3. Bg2 Nf6 4. O-O g6 5. d3 Bg7 6. Nc3 O-O 7. e4 d6 8. Be3 d5
9. exd5 Nxd5 10. Nxd5 Bxd5 11. c3 b5 12. Bd4 c6 13. Bxg7 Kxg7 14. Qd2 f6 15. Nd4
e5 16. c4 bxc4 17. Bxd5 Qxd5 18. Ne2 cxd3 19. Nc3 Qf3 20. Rae1 Rd8 21. Re3 Qf5
22. Ne4 Na6 23. f3 c5 24. Rxd3 Rxd3 25. Qxd3 Nb4 26. Qc4 a5 27. Qxc5 Rc8 28.
Qxa5 Nc2 29. Qa6 Ne3 30. Qa7+ Kg8 31. Qxe3 Qe6 32. b3 f5 33. Ng5 Qf6 34. h4 f4
35. gxf4 exf4 36. Qa7 Qd4+ 37. Qxd4 1-0

[Event "AUTO-ADV-4934"]
[Site "http://www.queenalice.com/game.php?id=1872877"]
[Date "2026.5.3"]
[Round "1"]
[White "MHRangel"]
[Black "Fischercat"]
[Result "0-1"]
[WhiteElo "1810"]
[BlackElo "1920"]

1. d4 d5 2. c4 dxc4 3. e3 b5 4. Nf3 Bg4 5. Be2 e6 6. Ne5 Bxe2 7. Qxe2 Nd7 8. O-O
Nxe5 9. dxe5 c6 10. Bd2 Qd5 11. f4 Nh6 12. Nc3 Qd3 13. Qxd3 cxd3 14. a3 Bc5 15.
b4 Bb6 16. h3 O-O 17. a4 bxa4 18. Rxa4 Nf5 19. Kh2 Bxe3 20. Rd1 Bxd2 21. Rxd2
Rfd8 22. Ra6 Ne3 23. Kg1 Nc2 24. Rxc6 Nxb4 25. Nb5 a5 26. Rc4 Nc2 27. Rc3 g6 28.
Nd6 a4 29. Rdxd3 Nb4 30. Re3 Nd5 31. Nb7 Rdb8 32. Nc5 Nxe3 33. Rxe3 a3 34. Re1
a2 35. Kh2 Rb1 0-1

[Event "AUTO-ADV-4937"]
[Site "http://www.queenalice.com/game.php?id=1873682"]
[Date "2026.5.21"]
[Round "1"]
[White "EduardoRo"]
[Black "Fischercat"]
[Result "0-1"]
[WhiteElo "1826"]
[BlackElo "1962"]

1. e4 e5 2. Nf3 Bc5 3. Nxe5 d6 4. Nd3 Qf6 5. f3 Nc6 6. b3 Nge7 7. g3 Qxa1 8. Bb2
Qxa2 9. Nc3 Qa5 10. Nxc5 Qxc5 11. Bc4 Be6 12. Bxe6 fxe6 13. d4 Qb4 14. O-O Qxd4+
15. Qxd4 Nxd4 16. Rf2 Rf8 17. f4 g5 18. fxg5 Rxf2 19. Kxf2 O-O-O 20. Na4 Nxc2
21. Bf6 Rf8 22. h4 Ng8 23. Ke2 Nxf6 24. gxf6 Rxf6 25. Kd3 Nb4+ 26. Ke3 d5 27.
Nc5 dxe4 28. Nxe4 Rf1 29. Nd2 Rf5 30. Ke4 Rd5 31. Nf3 Rd3 32. Ng5 Rxb3 33. Nxe6
a5 34. Nc5 Rxg3 35. Kf4 Ra3 36. Kg5 b5 37. Ne6 Rc3 38. Nf8 a4 39. Nxh7 a3 40.
Nf6 a2 0-1

[Event "AUTO-ADV-4937"]
[Site "http://www.queenalice.com/game.php?id=1873683"]
[Date "2026.5.21"]
[Round "1"]
[White "Fischercat"]
[Black "EduardoRo"]
[Result "1-0"]
[WhiteElo "1973"]
[BlackElo "1815"]

1. d4 d5 2. h3 Nc6 3. Bg5 f6 4. Bh4 Bf5 5. c3 g5 6. Bg3 e5 7. dxe5 fxe5 8. Qa4
Qd6 9. Nf3 O-O-O 10. Nxg5 Bg6 11. h4 Kb8 12. h5 Bf5 13. Nf7 Qf6 14. Nxd8 Qxd8
15. e3 Bd6 16. Na3 Bd7 17. Bb5 a6 18. Bxc6 Bxc6 19. Qc2 Nf6 20. h6 Ne4 21. Bh4
Qf8 22. f3 Nc5 23. O-O-O Qxh6 24. Bf2 Qg5 25. Rhg1 h5 26. Kb1 Ba4 27. b3 Bc6 28.
Qd2 Qf5+ 29. Kb2 Bb5 30. Nxb5 axb5 31. Qxd5 Rf8 32. Rgf1 Qg6 33. f4 exf4 34.
exf4 Rxf4 35. Bxc5 Rxf1 36. Rxf1 Bxc5 37. Qxc5 Qxg2+ 38. Rf2 Qe4 39. Rf8+ 1-0

[Event "AUTO-ADV-4937"]
[Site "http://www.queenalice.com/game.php?id=1873698"]
[Date "2026.5.21"]
[Round "1"]
[White "Fischercat"]
[Black "game"]
[Result "1-0"]
[WhiteElo "1934"]
[BlackElo "1632"]

1. d4 d6 2. e4 Nf6 3. Nc3 e5 4. Bg5 Be7 5. d5 c6 6. Bxf6 Bxf6 7. Be2 c5 8. Nf3
b5 9. Bxb5+ Bd7 10. O-O O-O 11. a4 Bc8 12. h3 Bh4 13. Nxh4 a6 14. Be2 Qxh4 15.
Bg4 Qg5 16. Bxc8 Rxc8 17. a5 f5 18. Na4 Rf8 19. exf5 Qxf5 20. Ra3 Rf6 21. Qg4
Nd7 22. Qxf5 Rxf5 23. Nb6 Nxb6 24. axb6 c4 25. b3 Rb8 26. Rxa6 c3 27. Re1 Rb7
28. Re3 Rbf7 29. Rxc3 h5 30. Rc7 e4 31. b7 Rxf2 32. Rxf7 Rxf7 33. b8=Q+ Kh7 34.
Qxd6 e3 35. Qg6+ Kg8 36. Ra8+ Rf8 37. Qe6+ 1-0

[Event "AUTO-ADV-4937"]
[Site "http://www.queenalice.com/game.php?id=1873699"]
[Date "2026.5.21"]
[Round "1"]
[White "game"]
[Black "Fischercat"]
[Result "0-1"]
[WhiteElo "1617"]
[BlackElo "1932"]

1. e4 e5 2. Nf3 d6 3. d3 Bg4 4. Be2 Nc6 5. Bd2 h6 6. Nc3 Bxf3 7. Bxf3 Nd4 8. Nd5
c6 9. Nc3 Be7 10. Ne2 Nxf3+ 11. gxf3 Nf6 12. Rg1 Nh5 13. Ng3 Nxg3 14. Rxg3 g6
15. Qc1 Qb6 16. Be3 c5 17. f4 exf4 18. Bxf4 c4 19. Be3 Qc6 20. d4 Qxe4 21. Kf1
O-O-O 22. b3 Qh1+ 23. Rg1 Qxh2 24. bxc4 Bh4 25. Qd2 f5 26. Rxg6 Rhg8 27. Rxh6
Rg1+ 28. Ke2 Rxa1 29. Bg5 Qxf2+ 30. Kd3 Qf1+ 31. Qe2 Qxe2+ 32. Kxe2 Bxg5 33. Rh5
Re8+ 34. Kf3 Bd2 35. Rh2 Bc3 36. d5 Rxa2 37. Rh6 Be5 38. Rh5 f4 39. Kg4 Ra3 40.
Kf5 f3 41. Rh3 Rc3 42. Ke4 f2 43. Rh1 Rf8 44. c5 Rf4# 0-1

[Event "AUTO-ADV-4937"]
[Site "http://www.queenalice.com/game.php?id=1873700"]
[Date "2026.5.21"]
[Round "1"]
[White "Fischercat"]
[Black "Capixabba789"]
[Result "0-1"]
[WhiteElo "1953"]
[BlackElo "1879"]

1. e4 e5 2. Bc4 Nc6 3. d3 Nf6 4. Bg5 Be7 5. Nf3 d6 6. Bxf6 Bxf6 7. O-O O-O 8.
Nc3 Nd4 9. h3 c5 10. Nd5 Be6 11. c3 Nc6 12. a3 a6 13. Nxf6+ Qxf6 14. Bxe6 fxe6
15. b4 cxb4 16. axb4 Ne7 17. d4 exd4 18. Nxd4 e5 19. Nf5 Nxf5 20. exf5 Rad8 21.
Qd3 Qxf5 22. Qd5+ Kh8 23. Qxb7 Qd3 24. Rxa6 Qxc3 25. Ra7 Rg8 26. Rfa1 e4 27. Ra8
d5 28. Rxd8 Qxa1+ 29. Kh2 Qe5+ 30. g3 Rxd8 0-1

[Event "AUTO-ADV-4937"]
[Site "http://www.queenalice.com/game.php?id=1873701"]
[Date "2026.5.21"]
[Round "1"]
[White "Capixabba789"]
[Black "Fischercat"]
[Result "1-0"]
[WhiteElo "1880"]
[BlackElo "1938"]

1. d4 d5 2. Nc3 e6 3. f4 Bb4 4. Nf3 Nc6 5. Bd2 Nf6 6. e3 Ne4 7. Nxe4 dxe4 8. Ne5
Bxd2+ 9. Qxd2 O-O 10. Be2 Nxe5 11. fxe5 b6 12. O-O a5 13. c4 c5 14. Rad1 Ba6 15.
a4 Qg5 16. b3 Rad8 17. h3 cxd4 18. exd4 Qxd2 19. Rxd2 Rd7 20. Rf4 f5 21. exf6
Rxf6 22. Rxe4 Rg6 23. Bg4 Re7 24. d5 e5 25. Be6+ Kf8 26. Rxe5 Ke8 27. Rf2 Rf6
28. Rxf6 gxf6 29. Rf5 Kd8 30. Rxf6 Bc8 31. Rf8+ Re8 32. Rxe8+ Kxe8 33. Bxc8 Ke7
34. Kf2 1-0

[Event "AUTO-OPEN-4654"]
[Site "http://www.queenalice.com/game.php?id=1874069"]
[Date "2026.5.29"]
[Round "1"]
[White "Fischercat"]
[Black "game"]
[Result "1-0"]
[WhiteElo "1958"]
[BlackElo "1600"]

1. e4 d6 2. d4 e6 3. Nc3 Nc6 4. Bb5 Bd7 5. Bxc6 Bxc6 6. d5 exd5 7. exd5 Qe7+ 8.
Be3 Bd7 9. h3 Qe5 10. Nf3 Qf5 11. O-O Nf6 12. Qe2 Qg6 13. Nh4 Qh5 14. Qxh5 Nxh5
15. Rfe1 Be7 16. Nf3 O-O-O 17. Bxa7 Rhe8 18. Re4 b6 19. Rae1 Bf6 20. Rxe8 Bxe8
21. Nb5 Bxb5 22. a4 Bxa4 23. c4 Kb7 24. Ra1 Bb3 25. Ra3 Bxc4 26. Bxb6 cxb6 27.
h4 Be7 28. Nd4 Bxd5 29. Nf5 Bxh4 30. Nxh4 g5 31. Nf5 Re8 32. Nxd6+ Kc6 33. Nxe8
f5 34. Rh3 Bf7 35. Ng7 Nf4 36. Rxh7 Bg6 37. Rh6 b5 38. Nxf5 Kc5 39. Ne3 Kd4 40.
g3 Ne2+ 41. Kf1 Bd3 42. Rd6+ Ke4 43. Ke1 Ng1 44. Kd1 b4 45. Rb6 Kf3 46. Rf6+ Ke4
47. Kd2 b3 48. Re6+ Kd4 49. Rd6+ Ke4 50. Rxd3 Kf3 51. Nd1+ Kg2 52. Rxb3 Nf3+ 53.
Ke3 Ng1 54. Rd3 Nf3 55. b4 Ne5 56. Rd5 Nc4+ 57. Kd4 Nd2 58. b5 Nb3+ 59. Kc3 Na5
60. b6 Nb7 61. Rxg5 Kf3 62. Rg7 Nd6 63. b7 Nxb7 64. Rxb7 Kg2 65. g4 Kh3 66. g5
Kh4 67. g6 Kh5 68. g7 Kg4 69. Rf7 Kh3 70. g8=Q Kh4 71. Rh7# 1-0

[Event "AUTO-OPEN-4654"]
[Site "http://www.queenalice.com/game.php?id=1874070"]
[Date "2026.5.29"]
[Round "1"]
[White "game"]
[Black "Fischercat"]
[Result "0-1"]
[WhiteElo "1557"]
[BlackElo "1956"]

1. e4 e5 2. Nf3 Bc5 3. Nxe5 d6 4. Nc4 b5 5. Na5 c6 6. Nb3 Nf6 7. d4 Bb6 8. Qf3
Qe7 9. Bd3 O-O 10. c3 c5 11. dxc5 dxc5 12. e5 Qxe5+ 13. Be2 Bg4 14. Qd3 c4 15.
Qd2 Rd8 16. Nd4 Bxd4 17. cxd4 Rxd4 18. Qc2 Bxe2 19. Qxe2 Re4 20. Be3 Ng4 21. Nc3
Rxe3 22. fxe3 Nxe3 23. Kd2 Qd4+ 24. Ke1 Nc6 25. Nxb5 Nc2+ 26. Qxc2 Qe5+ 27. Kf1
Qxb5 28. Kf2 Re8 29. Rhd1 Qc5+ 30. Kf1 Nb4 31. Qa4 Rb8 32. Rd2 g6 33. Rd7 Nd3
34. Qc2 Qf5+ 35. Kg1 Qxd7 36. Rd1 Qd4+ 37. Kh1 Nf2+ 38. Qxf2 Qxf2 39. Rb1 Rxb2
40. Rd1 Qxg2# 0-1